[Event "MEU_U12"]
[Site "?"]
[Date "2015.08.27"]
[Round "9.9"]
[White "Steiniger, Florian"]
[Black "Nicoara, David-Cristian"]
[Result "1/2-1/2"]
[LiveChessVersion "1.4.6"]
[BlackElo "1490"]
[WhiteElo "1510"]

1. e4 {[%clk 1:30:51]} e6 {[%clk 1:30:37]} 2. d4 {[%clk 1:30:35]} d5
{[%clk 1:30:50]} 3. Nd2 {[%clk 1:30:08]} c5 {[%clk 1:30:12]} 4. c3
{[%clk 1:28:45]} cxd4 {[%clk 1:29:57]} 5. cxd4 {[%clk 1:27:18]} dxe4
{[%clk 1:26:53]} 6. Nxe4 {[%clk 1:26:00]} Be7 {[%clk 1:25:23]} 7. Nf3
{[%clk 1:22:27]} Nf6 {[%clk 1:24:11]} 8. Bd3 {[%clk 1:16:30]} O-O
{[%clk 1:23:16]} 9. O-O {[%clk 1:15:43]} Nc6 {[%clk 1:21:47]} 10. Be3
{[%clk 1:13:14]} Nd5 {[%clk 1:17:59]} 11. Nc3 {[%clk 1:09:35]} Bd7
{[%clk 1:14:07]} 12. Nxd5 {[%clk 1:06:24]} exd5 {[%clk 1:14:27]} 13. a3
{[%clk 1:03:56]} Qb6 {[%clk 1:11:47]} 14. b4 {[%clk 1:00:08]} Bf6
{[%clk 1:10:48]} 15. Rc1 {[%clk 0:55:59]} Kh8 {[%clk 1:05:14]} 16. Be2
{[%clk 0:50:34]} Rfe8 {[%clk 1:02:34]} 17. Rc5 {[%clk 0:46:55]} Be6
{[%clk 0:58:04]} 18. Qc2 {[%clk 0:41:15]} Rac8 {[%clk 0:51:48]} 19. Rc1
{[%clk 0:37:31]} Be7 {[%clk 0:48:24]} 20. Rc3 {[%clk 0:34:00]} h6
{[%clk 0:46:54]} 21. Qd2 {[%clk 0:30:24]} 1/2-1/2

[Event "MEU_U12"]
[Site "?"]
[Date "2015.08.27"]
[Round "9.10"]
[White "Tomasi, Elise"]
[Black "Sabiani, Chjara"]
[Result "1/2-1/2"]
[LiveChessVersion "1.4.6"]
[BlackElo "1660"]
[WhiteElo "1632"]

1. e4 e5 2. Nf3 Nc6 3. Bc4 Bc5 4. d3 Nf6 5. c3 d6 6. O-O a6 7. a4 Ne7 8. Bb3 O-O
9. h3 Ba7 10. Re1 Ng6 11. d4 Re8 12. dxe5 dxe5 13. Qxd8 Rxd8 14. Nbd2 b5 15. Ng5
Rd7 16. Nxf7 Rxf7 17. Bxf7+ Kxf7 18. Nf3 Bb7 19. Bd2 Kg8 20. axb5 axb5 21. Be3
Bxe3 22. Rxa8+ Bxa8 23. Rxe3 Nxe4 24. Rd3 Nd6 25. Ne1 Nf4 26. Rd1 Bd5 27. f3 c6
28. Ra1 Nc4 29. Rb1 Kf7 30. Kf2 Nd2 31. Rd1 Nb3 32. Nd3 Nxd3+ 33. Rxd3 Ke6 34.
Rd1 Kd6 35. Re1 Nc5 36. Ke3 Nb3 37. Kd3 c5 38. Ke3 c4 39. Kf2 Be6 40. Rd1+ Bd5
41. Re1 Bf7 42. Rd1+ Ke7 43. Ke3 Bg6 44. Rd5 Ke6 45. Rxb5 Be8 46. Rb6+ Kf5 47. h4
h5 48. Rb7 g6 49. Rb8 Bf7 50. Kf2 Nc5 51. Rb5 Nd3+ 52. Ke3 Ne1 53. Kf2 Nd3+ 54.
Ke2 Nf4+ 55. Kf2 Nd3+ 1/2-1/2

[Event "MEU_U12"]
[Site "?"]
[Date "2015.08.27"]
[Round "9.11"]
[White "Olariu, Luca-Stefan"]
[Black "Slaba, Andrea"]
[Result "0-1"]
[LiveChessVersion "1.4.6"]
[BlackElo "1648"]
[WhiteElo "1565"]

1. d4 {[%clk 1:30:57]} Nf6 {[%clk 1:30:31]} 2. c4 {[%clk 1:31:15]} g6
{[%clk 1:30:23]} 3. f3 {[%clk 1:31:34]} d5 {[%clk 1:30:22]} 4. cxd5
{[%clk 1:31:55]} Nxd5 {[%clk 1:30:41]} 5. e4 {[%clk 1:32:17]} Nb6
{[%clk 1:30:25]} 6. Nc3 {[%clk 1:32:01]} Bg7 {[%clk 1:29:58]} 7. Be3
{[%clk 1:31:04]} O-O {[%clk 1:29:19]} 8. Qd2 {[%clk 1:31:15]} Re8
{[%clk 1:29:01]} 9. O-O-O {[%clk 1:30:58]} Nc6 {[%clk 1:27:05]} 10. h4
{[%clk 1:24:40]} e5 {[%clk 1:24:34]} 11. d5 {[%clk 1:24:16]} Ne7 {[%clk 1:24:27]}
12. g4 {[%clk 1:17:16]} f6 {[%clk 1:21:10]} 13. Bh6 {[%clk 0:45:46]} Bh8
{[%clk 1:21:11]} 14. g5 {[%clk 0:45:40]} f5 {[%clk 1:18:41]} 15. Qh2
{[%clk 0:36:14]} fxe4 {[%clk 1:17:04]} 16. fxe4 {[%clk 0:36:14]} Bg4
{[%clk 1:16:33]} 17. Be2 {[%clk 0:35:49]} Bxe2 {[%clk 1:14:43]} 18. Ngxe2
{[%clk 0:35:54]} Nc4 {[%clk 1:13:45]} 19. Qf2 {[%clk 0:33:17]} Nd6
{[%clk 1:14:00]} 20. Rdf1 {[%clk 0:30:57]} Nec8 {[%clk 1:13:15]} 21. Rh3
{[%clk 0:27:23]} Bg7 {[%clk 1:12:23]} 22. Bxg7 {[%clk 0:24:38]} Kxg7
{[%clk 1:12:46]} 23. Rf3 {[%clk 0:20:37]} Nb6 {[%clk 1:11:45]} 24. Rf6
{[%clk 0:13:15]} Rf8 {[%clk 1:11:32]} 25. Qg3 {[%clk 0:11:11]} Nf7
{[%clk 1:10:14]} 26. Qf2 {[%clk 0:05:09]} Nd6 {[%clk 1:10:18]} 27. Qg3
{[%clk 0:05:12]} Nf7 {[%clk 1:10:30]} 28. Qf2 {[%clk 0:05:26]} Nd6
{[%clk 1:10:02]} 29. Qg3 {[%clk 0:05:18]} Qe7 {[%clk 1:08:58]} 30. R1f2
{[%clk 0:04:18]} Nd7 {[%clk 1:07:39]} 31. Rxf8 {[%clk 0:03:18]} Rxf8
{[%clk 1:07:57]} 32. Rxf8 {[%clk 0:03:00]} Qxf8 {[%clk 1:08:09]} 33. Qh3
{[%clk 0:02:14]} Qe7 {[%clk 1:07:37]} 34. b3 {[%clk 0:01:32]} Nc5
{[%clk 1:07:20]} 35. Qe3 {[%clk 0:01:14]} b6 {[%clk 1:07:28]} 36. Kc2
{[%clk 0:00:57]} a5 {[%clk 1:06:16]} 37. a4 {[%clk 0:00:49]} Qd7 {[%clk 1:06:15]}
38. Qg3 {[%clk 0:00:40]} Qe7 {[%clk 1:06:17]} 39. Qe3 {[%clk 0:00:53]} Nd7
{[%clk 1:05:42]} 40. Qd3 {[%clk 0:00:46]} Nc5 {[%clk 1:06:01]} 41. Qe3
{[%clk 0:01:10]} Qe8 {[%clk 1:04:47]} 42. Kb2 {[%clk 0:01:08]} Na6
{[%clk 1:03:04]} 43. Qf3 {[%clk 0:00:56]} Qf7 {[%clk 1:02:29]} 44. Qxf7+
{[%clk 0:00:45]} Kxf7 {[%clk 1:02:24]} 45. Kc2 {[%clk 0:00:36]} Nc5
{[%clk 1:02:59]} 46. Ng3 {[%clk 0:00:48]} Kg7 {[%clk 1:02:52]} 47. Kb2
{[%clk 0:00:44]} h6 {[%clk 1:03:12]} 48. gxh6+ {[%clk 0:00:42]} Kxh6
{[%clk 1:03:36]} 49. Kc2 {[%clk 0:00:53]} g5 {[%clk 1:03:25]} 50. hxg5+
{[%clk 0:00:37]} Kxg5 {[%clk 1:03:40]} 51. Nb5 {[%clk 0:00:35]} Nxb5
{[%clk 1:03:52]} 52. axb5 {[%clk 0:00:59]} Kf4 {[%clk 1:03:07]} 53. Ne2+
{[%clk 0:01:04]} Kxe4 {[%clk 1:02:57]} 54. Nc3+ {[%clk 0:01:04]} Kf3
{[%clk 1:03:01]} 55. Kb2 e4 {[%clk 1:03:07]} 56. Ka3 {[%clk 0:00:37]} e3
{[%clk 1:03:19]} 57. b4 {[%clk 0:00:55]} axb4+ {[%clk 1:03:28]} 58. Kxb4
{[%clk 0:01:24]} Ne4 {[%clk 1:02:56]} 59. Nd1 {[%clk 0:00:39]} e2
{[%clk 1:03:10]} 0-1

[Event "MEU_U12"]
[Site "?"]
[Date "2015.08.27"]
[Round "9.12"]
[White "Juhasz, Judit"]
[Black "Lupascu, Diana-Elena"]
[Result "1-0"]
[LiveChessVersion "1.4.6"]
[BlackElo "1511"]
[WhiteElo "1733"]

1. d4 {[%clk 1:30:51]} Nf6 {[%clk 1:30:39]} 2. Nf3 {[%clk 1:31:10]} e6
{[%clk 1:30:50]} 3. g3 {[%clk 1:31:17]} c5 {[%clk 1:30:52]} 4. Bg2
{[%clk 1:31:23]} g6 {[%clk 1:29:39]} 5. b3 {[%clk 1:31:34]} Bg7 {[%clk 1:28:46]}
6. Bb2 {[%clk 1:31:47]} O-O {[%clk 1:27:20]} 7. O-O {[%clk 1:31:47]} d5
{[%clk 1:22:19]} 8. Nbd2 {[%clk 1:31:33]} b6 {[%clk 1:19:55]} 9. c4
{[%clk 1:30:54]} cxd4 {[%clk 1:17:49]} 10. Nxd4 {[%clk 1:30:53]} Bb7
{[%clk 1:17:37]} 11. Rc1 {[%clk 1:29:37]} Qd7 {[%clk 1:13:20]} 12. Rc2
{[%clk 1:26:49]} Nc6 {[%clk 1:08:18]} 13. a3 {[%clk 1:20:54]} Nxd4
{[%clk 1:05:28]} 14. Bxd4 {[%clk 1:21:03]} dxc4 {[%clk 1:03:32]} 15. Nxc4
{[%clk 1:12:02]} Bxg2 {[%clk 1:03:29]} 16. Kxg2 {[%clk 1:11:59]} Qd5+
{[%clk 1:03:31]} 17. f3 {[%clk 1:07:52]} Rfd8 {[%clk 1:01:08]} 18. Rd2
{[%clk 1:06:43]} Ne4 {[%clk 0:52:40]} 19. Rd3 {[%clk 1:02:54]} Bxd4
{[%clk 0:50:31]} 20. e3 {[%clk 1:01:56]} Nc5 {[%clk 0:25:04]} 21. Rxd4
{[%clk 1:01:50]} Qg5 {[%clk 0:25:02]} 22. b4 {[%clk 1:01:07]} Na6
{[%clk 0:23:22]} 23. h4 {[%clk 1:00:13]} Qf6 {[%clk 0:22:42]} 24. Ne5
{[%clk 0:57:04]} Rxd4 {[%clk 0:19:12]} 25. Qxd4 {[%clk 0:55:53]} Rd8
{[%clk 0:18:16]} 26. Qb2 {[%clk 0:53:43]} Rd5 {[%clk 0:16:54]} 27. f4
{[%clk 0:53:23]} Qd8 {[%clk 0:16:07]} 28. Rf2 {[%clk 0:52:24]} Qa8
{[%clk 0:14:32]} 29. Nf3 {[%clk 0:45:44]} Rd3 {[%clk 0:13:12]} 30. Re2
{[%clk 0:45:11]} Qb7 {[%clk 0:11:43]} 31. Kf2 {[%clk 0:44:25]} Nc7
{[%clk 0:10:53]} 32. a4 {[%clk 0:39:23]} Qe4 {[%clk 0:07:01]} 33. Qc2
{[%clk 0:39:16]} Nd5 {[%clk 0:05:38]} 34. Ng5 {[%clk 0:38:50]} Qf5
{[%clk 0:04:38]} 35. e4 {[%clk 0:38:32]} Qf6 {[%clk 0:02:51]} 36. Qxd3
{[%clk 0:38:47]} Nxb4 {[%clk 0:02:52]} 37. Qc4 {[%clk 0:38:32]} a5
{[%clk 0:02:46]} 38. Qc8+ {[%clk 0:37:59]} Kg7 {[%clk 0:03:02]} 39. e5
{[%clk 0:36:42]} Qf5 {[%clk 0:02:48]} 40. Qd8 {[%clk 0:35:42]} h6
{[%clk 0:02:53]} 41. Qf6+ {[%clk 0:35:11]} Qxf6 {[%clk 0:03:10]} 42. exf6+
{[%clk 0:35:34]} Kxf6 {[%clk 0:03:30]} 43. Ne4+ {[%clk 0:35:52]} Ke7
{[%clk 0:03:35]} 44. Rd2 {[%clk 0:36:01]} Nd5 {[%clk 0:03:42]} 45. Rd4
{[%clk 0:35:38]} f5 {[%clk 0:03:26]} 46. Nd2 {[%clk 0:35:53]} Nc3
{[%clk 0:03:12]} 47. Nc4 {[%clk 0:35:11]} Nxa4 {[%clk 0:02:34]} 48. Nxa5
{[%clk 0:35:31]} Nc3 {[%clk 0:02:46]} 49. Nc6+ {[%clk 0:35:45]} Kf6
{[%clk 0:02:57]} 50. Ne5 {[%clk 0:35:48]} b5 {[%clk 0:02:56]} 51. g4
{[%clk 0:35:40]} Na2 {[%clk 0:02:11]} 52. g5+ {[%clk 0:35:55]} hxg5
{[%clk 0:02:23]} 53. hxg5+ {[%clk 0:36:13]} Kg7 {[%clk 0:02:39]} 54. Rd7+
{[%clk 0:36:29]} Kg8 {[%clk 0:02:42]} 55. Nxg6 {[%clk 0:36:29]} b4
{[%clk 0:03:02]} 56. Rb7 {[%clk 0:36:39]} Nc1 {[%clk 0:02:55]} 57. Ke3
{[%clk 0:36:31]} b3 {[%clk 0:02:49]} 58. Kd2 {[%clk 0:35:36]} Na2
{[%clk 0:02:50]} 59. Rxb3 {[%clk 0:35:56]} 1-0

[Event "MEU_U12"]
[Site "?"]
[Date "2015.08.27"]
[Round "9.13"]
[White "Bitkova, Jelizaveta"]
[Black "Trzaskowska, Hanna"]
[Result "1-0"]
[LiveChessVersion "1.4.6"]
[BlackElo "1192"]
[WhiteElo "1304"]

1. d4 {[%clk 1:30:57]} d5 {[%clk 1:30:52]} 2. c4 {[%clk 1:31:22]} e6
{[%clk 1:31:09]} 3. Nc3 {[%clk 1:31:36]} Nf6 {[%clk 1:31:30]} 4. Bg5
{[%clk 1:31:56]} Bb4 {[%clk 1:31:28]} 5. a3 {[%clk 1:32:03]} Bxc3+
{[%clk 1:31:42]} 6. bxc3 {[%clk 1:32:17]} c5 {[%clk 1:29:32]} 7. cxd5
{[%clk 1:31:15]} Qxd5 {[%clk 1:26:18]} 8. Bxf6 {[%clk 1:30:47]} gxf6
{[%clk 1:26:14]} 9. e3 {[%clk 1:30:18]} Nc6 {[%clk 1:22:48]} 10. Nf3
{[%clk 1:29:26]} Bd7 {[%clk 1:18:03]} 11. c4 {[%clk 1:23:38]} Qd6
{[%clk 1:13:58]} 12. Be2 {[%clk 1:23:15]} O-O-O {[%clk 1:09:56]} 13. O-O
{[%clk 1:23:23]} Be8 {[%clk 1:07:15]} 14. dxc5 {[%clk 1:18:05]} Qxc5
{[%clk 1:06:13]} 15. Qb3 {[%clk 1:17:50]} Ne5 {[%clk 0:57:16]} 16. Rfd1
{[%clk 1:15:55]} Nxf3+ {[%clk 0:55:07]} 17. Bxf3 {[%clk 1:15:58]} Bc6
{[%clk 0:53:16]} 18. Bxc6 {[%clk 1:15:43]} Qxc6 {[%clk 0:53:13]} 19. Qb5
{[%clk 1:08:57]} Qxb5 {[%clk 0:51:28]} 20. cxb5 {[%clk 1:09:14]} Rxd1+
{[%clk 0:50:39]} 21. Rxd1 {[%clk 1:09:18]} Rd8 {[%clk 0:50:37]} 22. Rc1+
{[%clk 1:07:32]} Kd7 {[%clk 0:50:55]} 23. Kf1 {[%clk 1:07:34]} Rc8
{[%clk 0:49:49]} 24. Rb1 {[%clk 1:06:40]} Rc3 {[%clk 0:49:39]} 25. a4
{[%clk 1:05:40]} Ra3 {[%clk 0:49:25]} 26. Rb4 {[%clk 1:05:48]} Kc7
{[%clk 0:49:32]} 27. Rh4 {[%clk 1:03:06]} Kb6 {[%clk 0:44:43]} 28. Rxh7
{[%clk 1:03:22]} Rxa4 {[%clk 0:45:03]} 29. h4 {[%clk 1:03:22]} Kxb5
{[%clk 0:41:01]} 30. g3 {[%clk 1:00:52]} a5 {[%clk 0:38:17]} 31. Rxf7
{[%clk 1:00:37]} Ra1+ {[%clk 0:37:59]} 32. Kg2 {[%clk 1:00:55]} a4
{[%clk 0:37:46]} 33. h5 {[%clk 0:58:23]} a3 {[%clk 0:35:17]} 34. h6
{[%clk 0:58:15]} a2 {[%clk 0:35:14]} 35. h7 {[%clk 0:56:45]} Rg1+
{[%clk 0:31:53]} 36. Kf3 {[%clk 0:55:10]} a1=Q {[%clk 0:28:48]} 37. h8=Q
{[%clk 0:55:01]} Qd1+ {[%clk 0:27:08]} 38. Kf4 {[%clk 0:54:38]} e5+
{[%clk 0:22:23]} 39. Kf5 {[%clk 0:54:21]} Qf3+ {[%clk 0:20:16]} 40. Ke6
{[%clk 0:54:20]} Qc6+ {[%clk 0:17:15]} 41. Kf5 {[%clk 0:54:08]} Qf3+
{[%clk 0:17:00]} 42. Ke6 {[%clk 0:54:07]} Qc6+ {[%clk 0:17:13]} 43. Ke7
{[%clk 0:53:26]} Qc5+ {[%clk 0:14:39]} 44. Kxf6 {[%clk 0:53:15]} Qd6+
{[%clk 0:13:40]} 45. Kg7 {[%clk 0:53:09]} b6 {[%clk 0:10:58]} 46. Qe8+
{[%clk 0:52:31]} Kc5 {[%clk 0:09:32]} 47. Qe7 {[%clk 0:50:55]} Qxe7
{[%clk 0:08:38]} 48. Rxe7 {[%clk 0:51:16]} Kd6 {[%clk 0:08:29]} 49. Rb7
{[%clk 0:51:15]} Rb1 {[%clk 0:08:32]} 50. f4 {[%clk 0:51:14]} exf4
{[%clk 0:07:34]} 51. gxf4 {[%clk 0:51:07]} b5 {[%clk 0:06:12]} 52. f5
{[%clk 0:51:01]} Kc6 {[%clk 0:04:57]} 53. Rb8 {[%clk 0:51:09]} Kc7
{[%clk 0:05:20]} 54. Re8 {[%clk 0:50:38]} Rg1+ {[%clk 0:04:59]} 55. Kf6
{[%clk 0:50:09]} b4 {[%clk 0:05:16]} 56. Re4 {[%clk 0:48:16]} b3 {[%clk 0:05:10]}
57. Rb4 {[%clk 0:48:32]} Rb1 {[%clk 0:05:30]} 58. e4 {[%clk 0:48:05]} Kc6
{[%clk 0:05:27]} 59. e5 {[%clk 0:47:23]} Kc5 {[%clk 0:05:55]} 60. Rb8
{[%clk 0:46:48]} Kc4 {[%clk 0:05:21]} 61. e6 {[%clk 0:45:20]} b2 {[%clk 0:05:37]}
62. e7 {[%clk 0:45:12]} Kc3 {[%clk 0:05:55]} 63. e8=Q {[%clk 0:45:10]} 1-0

[Event "MEU_U12"]
[Site "?"]
[Date "2015.08.27"]
[Round "9.14"]
[White "Ullrich, Agata"]
[Black "Khamenya, Vitalia"]
[Result "1/2-1/2"]
[LiveChessVersion "1.4.6"]
[BlackElo "1584"]
[WhiteElo "1162"]

1. e4 {[%clk 1:30:58]} g6 {[%clk 1:30:55]} 2. d4 {[%clk 1:31:22]} Bg7
{[%clk 1:31:21]} 3. Nf3 {[%clk 1:31:40]} d6 {[%clk 1:31:47]} 4. Be2
{[%clk 1:31:41]} Nd7 {[%clk 1:32:08]} 5. O-O {[%clk 1:31:38]} a6 {[%clk 1:32:16]}
6. Nc3 {[%clk 1:31:40]} b5 {[%clk 1:32:09]} 7. a3 {[%clk 1:30:53]} Bb7
{[%clk 1:32:28]} 8. Re1 {[%clk 1:30:32]} c5 {[%clk 1:32:05]} 9. d5
{[%clk 1:29:11]} Ngf6 {[%clk 1:26:31]} 10. Rb1 {[%clk 1:22:25]} b4
{[%clk 1:13:08]} 11. Na2 {[%clk 1:19:34]} Nxe4 {[%clk 1:11:04]} 12. axb4
{[%clk 1:16:39]} O-O {[%clk 0:52:17]} 13. bxc5 {[%clk 1:04:14]} Ndxc5
{[%clk 0:49:21]} 14. Be3 {[%clk 0:55:37]} Qa5 {[%clk 0:45:14]} 15. Bc4
{[%clk 0:49:10]} Qa4 {[%clk 0:41:51]} 16. Qe2 {[%clk 0:43:01]} Rab8
{[%clk 0:34:34]} 17. c3 {[%clk 0:39:47]} 1/2-1/2

[Event "MEU_U12"]
[Site "?"]
[Date "2015.08.27"]
[Round "9.15"]
[White "Maciulaityte, Barbora"]
[Black "Bondarevskaja, Emilin"]
[Result "1/2-1/2"]
[LiveChessVersion "1.4.6"]
[BlackElo "1137"]
[WhiteElo "1314"]

1. e4 {[%clk 1:30:59]} c5 {[%clk 1:30:52]} 2. c3 {[%clk 1:31:23]} d5
{[%clk 1:30:58]} 3. exd5 {[%clk 1:31:41]} Qxd5 {[%clk 1:30:00]} 4. d4
{[%clk 1:31:45]} cxd4 {[%clk 1:29:09]} 5. cxd4 {[%clk 1:31:35]} e5
{[%clk 1:25:56]} 6. dxe5 {[%clk 1:31:21]} Qxe5+ {[%clk 1:24:49]} 7. Be2
{[%clk 1:30:09]} Nf6 {[%clk 1:21:27]} 8. Nf3 {[%clk 1:28:05]} Bb4+
{[%clk 1:13:51]} 9. Nbd2 {[%clk 1:26:44]} Bxd2+ {[%clk 1:12:25]} 10. Qxd2
{[%clk 1:26:56]} Qd5 {[%clk 1:09:59]} 11. Qxd5 {[%clk 1:25:12]} Nxd5
{[%clk 1:09:30]} 12. Bc4 {[%clk 1:23:11]} Be6 {[%clk 1:04:32]} 13. Ng5
{[%clk 1:21:10]} O-O {[%clk 0:50:33]} 14. Nxe6 {[%clk 1:20:12]} fxe6
{[%clk 0:50:35]} 15. O-O {[%clk 1:20:30]} Nc6 {[%clk 0:48:33]} 16. Re1
{[%clk 1:19:25]} Na5 {[%clk 0:44:35]} 17. Bb5 {[%clk 1:16:01]} Nc7
{[%clk 0:41:39]} 18. Ba4 {[%clk 1:13:43]} b5 {[%clk 0:37:01]} 19. Bc2
{[%clk 1:13:59]} Rfe8 {[%clk 0:34:26]} 20. b3 {[%clk 1:09:50]} Nd5
{[%clk 0:30:45]} 21. Bb2 {[%clk 1:07:12]} Rac8 {[%clk 0:29:33]} 22. Be4
{[%clk 1:04:24]} Nb4 {[%clk 0:25:34]} 23. Re2 {[%clk 1:01:26]} Red8
{[%clk 0:21:46]} 24. Ba3 {[%clk 0:56:49]} Nd5 {[%clk 0:21:07]} 25. Bxd5
{[%clk 0:52:20]} exd5 {[%clk 0:20:27]} 26. Rd1 {[%clk 0:51:27]} Rc7
{[%clk 0:18:18]} 1/2-1/2